Arsenal - Liverpool 2015-2016 - Statistics

General Stats
  • This quiz has been taken 414 times
  • The average score is 19 of 29
Answer Stats
Answer % Correct
Petr Cech
90%
Mesut Özil
88%
Arsène Wenger
81%
Olivier Giroud
81%
Simon Mignolet
81%
Alexis Sanchez
80%
Philippe Coutinho
78%
Hector Bellerin
77%
Nacho Monreal
73%
Roberto Firmino
72%
Nathan Clyne
71%
Dejan Lovren
70%
Aaron Ramsey
69%
Martin Skrtel
68%
Brendan Rodgers
67%
Theo Walcott
67%
James Milner
64%
Alberto Moreno
63%
Santi Cazorla
62%
Christian Benteke
60%
Alex Oxlade-Chamberlain
59%
Lucas Leiva
54%
Francis Coquelin
52%
Emre Can
51%
Calum Chambers
50%
Gabriel Paulista
46%
Joseph Gomez
40%
Jordon Ibe
29%
Jordan Rossiter
11%
No matching quizzes found
Score Distribution
Percent of People with Each Score
Percentile by Number Answered
Your Score History
You have not taken this quiz